WWE Champions by Year - 2008 - Statistics

General Stats
  • This quiz has been taken 368 times
  • The average score is 30 of 38
Answer Stats
Title Date Event Wrestler % Correct
World Heavyweight November 23 Survivor Series John Cena
100%
World Tag Team August 4 Raw John Cena
100%
WWE Championship November 23 Survivor Series Edge
98%
World Heavyweight June 1 One Night Stand Edge
98%
WWE Championship April 27 Backlash Triple H
98%
World Heavyweight March 30 WrestleMania XXIV The Undertaker
97%
WWE Championship December 14 Armageddon Jeff Hardy
95%
ECW Championship September 7 Unforgiven Matt Hardy
94%
United States April 27 Backlash Matt Hardy
94%
World Heavyweight October 26 Cyber Sunday Batista
93%
World Tag Team August 4 Raw Batista
93%
World Heavyweight June 30 Raw CM Punk
91%
World Tag Team October 27 Raw CM Punk
91%
ECW Championship March 30 WrestleMania XXIV Kane
91%
World Heavyweight September 7 Unforgiven Chris Jericho
86%
World Heavyweight November 3 Raw Chris Jericho
86%
Intercontinental March 10 Raw Chris Jericho
86%
Intercontinental June 29 Night of Champions Kofi Kingston
82%
World Tag Team October 27 Raw Kofi Kingston
82%
World Tag Team December 13 House show The Miz
82%
World Tag Team December 13 House show John Morrison
81%
ECW Championship January 22 ECW Chavo Guerrero
78%
ECW Championship June 29 Night of Champions Mark Henry
78%
Diva's July 20 The Great American Bash Michelle McCool
75%
Women's August 17 SummerSlam Beth Phoenix
74%
World Tag Team June 29 Night of Champions Cody Rhodes
72%
World Tag Team August 11 Raw Cody Rhodes
72%
Women's April 14 Raw Mickie James
71%
World Tag Team June 29 Night of Champions Ted DiBiase
69%
World Tag Team August 11 Raw Ted DiBiase
69%
United States July 20 The Great American Bash Shelton Benjamin
63%
WWE Tag Team September 21 Smackdown Carlito
61%
Intercontinental August 17 SummerSlam Santino Marella
60%
WWE Tag Team September 21 Smackdown Primo
58%
Intercontinental November 10 Raw William Regal
54%
Diva's December 26 Smackdown Maryse
45%
WWE Tag Team July 20 The Great American Bash Zack Ryder
34%
WWE Tag Team July 20 The Great American Bash Curt Hawkins
32%
No matching quizzes found
Score Distribution
Percent of People with Each Score
Percentile by Number Answered
Your Score History
You have not taken this quiz